00470nam a22001697a 4500003000500000038001100005082001700016100001600033245002600049260003100075300001300106500001500119650002200134880003400156880004400190880006600234NUST aArshad a891.491bRAH aRahi, Ahmad aTranjan /cAhmad Rahi aLahore :bAl hamad,c2001. a136 p. ; aHardcover. aPunjabi litrature 6100-01\raآحمد راہی 6245-02\raترنجنcاحمد راہی 6260-03\raلاہور:bالحمد پبلی کیشنز،c2001